| 000 | 00521ntaaa2200193 4500 | ||
|---|---|---|---|
| 003 | 01 | ||
| 005 | 20251027200849.0 | ||
| 008 | 0714s1973 ag 01 | ||
| 040 |
_aAR-BaBN _bspa _cAR-BaBN _eaacr _dRIC |
||
| 082 | _a224.2 sm5 | ||
| 100 | _aSmith, George Adam | ||
| 245 |
_aJeremiah / _cGeorge Adam Smith |
||
| 250 | _a1 ed. | ||
| 260 |
_aLondon : _bHarper, _c1929 |
||
| 300 | _axvi,410 p | ||
| 500 | _aThe Baird lectures in 1922 first published in 1923 | ||
| 650 |
_aBiblia-Antiguo Testamento-Jeremias _9955 |
||
| 942 | _cBK | ||
| 999 |
_c2695 _d2695 |
||